Cellular responses to tumor promoters / (Record no. 13290)

000 -LEADER
fixed length control field 00525cam a2200193 a 4500
020 ## - INTERNATIONAL STANDARD BOOK NUMBER
ISBN 0849365244
040 ## - CATALOGING SOURCE
Transcribing agency DLC
082 00 - DEWEY DECIMAL CLASSIFICATION NUMBER
Classification number 616 CRC 1984 A045 Or.
-- 616.99/4071
245 00 - TITLE STATEMENT
Title Cellular responses to tumor promoters /
260 ## - PUBLICATION, DISTRIBUTION, ETC. (IMPRINT)
Place of publication Boca Raton, Fla. :
Name of publisher CRC Press,
Year of publication 1984.
300 ## - PHYSICAL DESCRIPTION
Number of Pages 154 p. :
Other physical details ill. ;
Dimensions 27 cm.
650 #0 - SUBJECT ADDED ENTRY--TOPICAL TERM
Topical Term Cocarcinogens.
650 #0 - SUBJECT ADDED ENTRY--TOPICAL TERM
Topical Term Cell culture.
650 #2 - SUBJECT ADDED ENTRY--TOPICAL TERM
Topical Term Cocarcinogenesis.
650 #2 - SUBJECT ADDED ENTRY--TOPICAL TERM
Topical Term Neoplasms
650 #2 - SUBJECT ADDED ENTRY--TOPICAL TERM
Topical Term Cell transformation, Neoplastic
700 1# - ADDED ENTRY--PERSONAL NAME
Personal name Slaga, Thomas J.
942 ## - ADDED ENTRY ELEMENTS (KOHA)
Koha item type សៀវភៅភាសាអង់គ្លេស
952 ## - LOCATION AND ITEM INFORMATION (KOHA)
Withdrawn status [LOCAL, KOHA] 0
952 ## - LOCATION AND ITEM INFORMATION (KOHA)
Withdrawn status [LOCAL, KOHA] 0
952 ## - LOCATION AND ITEM INFORMATION (KOHA)
Withdrawn status [LOCAL, KOHA] 0
Holdings
Permanent Location Date acquired Koha item type Lost status Shelving location Barcode Current Location Full call number
Library Block A2017-08-23សៀវភៅភាសាអង់គ្លេស A045A19759Library Block A616 CRC 1984 A045 Or.
Library Block A2017-08-23សៀវភៅភាសាអង់គ្លេស A045A19386Library Block A616 CRC 1984 A045 Or.
Library Block A2017-08-23សៀវភៅភាសាអង់គ្លេស A045A19695Library Block A616 CRC 1984 A045 Or.
មជ្ឈមណ្ឌលឯការនៃសាកលវិទ្យាល័យភូមិន្ទកសិកម្មចំការដូង

Powered by Koha